| 000 | 00802nam a2200193 a 4500 | ||
|---|---|---|---|
| 005 | 20210223125102.0 | ||
| 008 | 030827s1993 mx r 000 0 spa d | ||
| 035 | _aUPN01000128243 | ||
| 049 | _aCG | ||
| 050 | 4 |
_aLC4035 M6 _bR5.2 |
|
| 100 | 1 | _aRiveroll Méndez, Susana | |
| 245 | 1 | 0 |
_aAnálisis de los programas de capacitación del CECADEE no.3 y de CAPYS, dirigidos a personas con discapacidad mental / _cSusana Riveroll Méndez. |
| 260 |
_aMéxico : _bS. Riveroll Méndez, _c1993. |
||
| 300 | _a167 h. | ||
| 502 | _aTesina (Lic. en Pedagogía) -- Universidad Nacional Autónoma de México. Facultad de Filosofía y Letras, Colegio de Pedagogía, 1993 | ||
| 650 | 4 |
_aDEFICIENCIA MENTAL - _vPLANES Y PROGRAMAS _910639 |
|
| 650 | 4 |
_aEDUCACION ESPECIAL - _vPLANES Y PROGRAMAS _99477 |
|
| 905 | _aLibro | ||
| 999 |
_c100422 _d100422 |
||